2023-2024 NFL Receiving Yards Leaders - Statistics

General Stats
  • This quiz has been taken 237 times
  • The average score is 38 of 40
Answer Stats
Rank Team Total Yds Pos Answer % Correct
3 Detroit Lions 1515 WR Amon-Ra St. Brown
100%
2 Dallas Cowboys 1749 WR CeeDee Lamb
100%
1 Miami Dolphins 1799 WR Tyreek Hill
100%
5 Philadelphia Eagles 1456 WR A.J. Brown
99%
9 Tampa Bay Buccaneers 1255 WR Mike Evans
99%
13 Buffalo Bills 1183 WR Stefon Diggs
99%
15 Las Vegas Raiders 1144 WR Davante Adams
98%
20 Philadelphia Eagles 1066 WR DeVonta Smith
98%
24 San Francisco 49ers 1020 TE George Kittle
98%
12 Cincinnati Bengals 1216 WR Ja'Marr Chase
98%
19 Minnesota Vikings 1074 WR Justin Jefferson
98%
4 Los Angeles Rams 1486 WR Puka Nacua
98%
29 Kansas City Chiefs 984 TE Travis Kelce
98%
7 San Francisco 49ers 1342 WR Brandon Aiyuk
97%
36 San Francisco 49ers 892 WR Deebo Samuel
97%
6 Chicago Bears 1364 WR D.J. Moore
97%
18 Seattle Seahawks 1114 WR DK Metcalf
97%
26 Miami Dolphins 1014 WR Jaylen Waddle
97%
11 Los Angeles Chargers 1243 WR Keenan Allen
97%
22 New York Jets 1042 WR Garrett Wilson
96%
17 New Orleans Saints 1123 WR Chris Olave
95%
10 Cleveland Browns 1250 WR Amari Cooper
94%
23 Tampa Bay Buccaneers 1024 WR Chris Godwin
94%
16 Pittsburgh Steelers 1140 WR George Pickens
94%
14 Indianapolis Colts 1152 WR Michael Pittman Jr.
94%
8 Houston Texans 1297 WR Nico Collins
94%
28 Washington Commanders 1002 WR Terry McLaurin
93%
31 Minnesota Vikings 960 TE T.J. Hockenson
93%
37 Detroit Lions 889 TE Sam LaPorta
92%
35 Seattle Seahawks 894 WR Tyler Lockett
92%
21 Tennessee Titans 1057 WR DeAndre Hopkins
91%
39 Baltimore Ravens 858 WR Zay Flowers
91%
27 Carolina Panthers 1014 WR Adam Thielen
90%
34 Atlanta Falcons 905 WR Drake London
90%
30 Jacksonville Jaguars 963 TE Evan Engram
90%
32 Kansas City Chiefs 938 WR Rashee Rice
90%
33 Minnesota Vikings 911 WR Jordan Addison
89%
25 Jacksonville Jaguars 1016 WR Calvin Ridley
88%
38 Cleveland Browns 882 TE David Njoku
87%
40 Arizona Cardinals 825 TE Trey McBride
79%
No matching quizzes found
Score Distribution
Percent of People with Each Score
Percentile by Number Answered
Your Score History
You have not taken this quiz